| 000 | 01002cam a2200313 a 4500 | ||
|---|---|---|---|
| 001 | 16051163 | ||
| 003 | Nust- CAS-E | ||
| 005 | 20180118181406.0 | ||
| 008 | 100112s2011 maua b 001 0 eng | ||
| 010 | _a 2010000429 | ||
| 020 | _a9780205781300 (pbk. : alk. paper) | ||
| 020 | _a0205781306 (pbk. : alk. paper) | ||
| 035 | _a(OCoLC)ocn462909904 | ||
| 040 |
_aDLC _cDLC _dYDX _dEYD _dYDXCP _dDLC |
||
| 050 | 0 | 0 |
_aH97 _b.W45 2011 |
| 082 | 0 | 0 |
_a320.6 _222 _bWEI-P 2011 |
| 100 | 1 | _aWeimer, David Leo. | |
| 245 | 1 | 0 |
_aPolicy analysis / _cDavid L. Weimer, Aidan R. Vining. |
| 250 | _a5th ed. | ||
| 260 |
_aBoston : _bLongman, _cc2011. |
||
| 300 |
_axix, 473 p. : _bill. ; _c24 cm. |
||
| 502 | _a0 | ||
| 504 | _aIncludes bibliographical references and indexes. | ||
| 650 | 0 | _aPolicy sciences. | |
| 700 | 1 | _aVining, Aidan R. | |
| 906 |
_a7 _bcbc _corignew _d1 _eecip _f20 _gy-gencatlg |
||
| 942 |
_2ddc _cBK |
||
| 999 |
_c355596 _d355596 |
||